000 00590nam a2200181Ia 4500
005 20250423094358.0
008 250422s9999 xx 000 0 und d
020 _a9780321685858
050 _aQA 76.758 .G83/
100 _aGuckenheimer, Sam
245 0 _aAgile software engineering with Visual studio : from concept to continuous feedback
260 _aUnited State
260 _bAddison-Wesley
260 _c2012
300 _a289 p
650 _a Microsoft Visual studio. Microsoft .NET Framework. Software engineering. Agile software development.
942 _cBK
999 _c27058
_d27058